| 000 | 00521nam a22001817a 4500 | ||
|---|---|---|---|
| 003 | OSt | ||
| 005 | 20221013200637.0 | ||
| 008 | 221012b |||||||| |||| 00| 0 eng d | ||
| 020 | _a87-7766-117-6 | ||
| 040 | _cBiblioteca Lado V | ||
| 082 |
_a750 _bB959n |
||
| 100 |
_9185 _aBurkard, Lene _eedicion |
||
| 245 | _aNy Internationalisme/ | ||
| 260 |
_bAssociation of Danosh Art Centres _c2002 |
||
| 300 |
_a87p. _c18x22cm |
||
| 700 |
_aBlondet S., Jose Luis _eautor |
||
| 942 |
_2ddc _c1 _h750 _iB959n _n0 |
||
| 999 |
_c2316 _d2316 |
||